<?xml version="1.0" encoding="UTF-8"?>
<record
    xmlns:xsi="http://www.w3.org/2001/XMLSchema-instance"
    xsi:schemaLocation="http://www.loc.gov/MARC21/slim http://www.loc.gov/standards/marcxml/schema/MARC21slim.xsd"
    xmlns="http://www.loc.gov/MARC21/slim">

  <leader>01141    a2200205   4500</leader>
  <controlfield tag="003">Nust</controlfield>
  <controlfield tag="005">20230131131010.0</controlfield>
  <datafield tag="010" ind1=" " ind2=" ">
    <subfield code="a">59008838</subfield>
  </datafield>
  <datafield tag="040" ind1=" " ind2=" ">
    <subfield code="c">Nust</subfield>
  </datafield>
  <datafield tag="082" ind1=" " ind2=" ">
    <subfield code="a">940.546,DAV</subfield>
  </datafield>
  <datafield tag="100" ind1=" " ind2=" ">
    <subfield code="a">Davidson, Eugene</subfield>
    <subfield code="9">108228</subfield>
  </datafield>
  <datafield tag="245" ind1=" " ind2=" ">
    <subfield code="a">The death and life of Germany;</subfield>
    <subfield code="b">an account of the American occupation</subfield>
    <subfield code="c">Eugene Davidson,</subfield>
  </datafield>
  <datafield tag="250" ind1=" " ind2=" ">
    <subfield code="a">1st ed</subfield>
  </datafield>
  <datafield tag="260" ind1=" " ind2=" ">
    <subfield code="a">Knopf</subfield>
    <subfield code="b">New York</subfield>
    <subfield code="c">1959</subfield>
  </datafield>
  <datafield tag="300" ind1=" " ind2=" ">
    <subfield code="a">422 p</subfield>
    <subfield code="b">22 cm</subfield>
  </datafield>
  <datafield tag="505" ind1=" " ind2=" ">
    <subfield code="a">The Face of the Enemy (Page-3), The Faces of the Friends (Page-23), Landscape of the Moon with Figures (Page-47), Berlin and the four Powers (Page-70), The Trails (Page-97), Learning by Doing (Page-127), The Dead Center (Page-157), The Year of the Blockade (Page-182), West Germany (Page-222), Petersberg and the new Criticism (Page-249), The Recovery (Page-268), The Alliance (Page-292), The Contracts (Page-312), The Uprising of June 17, 1953 (Page-326), A Most Favored Nation (Page-348), The Way to Sovereignty (Page-359) ,A beginning (Page-382).    </subfield>
  </datafield>
  <datafield tag="600" ind1=" " ind2=" ">
    <subfield code="a">Davidson, Eugene,</subfield>
    <subfield code="9">108228</subfield>
  </datafield>
  <datafield tag="650" ind1=" " ind2=" ">
    <subfield code="a">The death and life of Germany; an account of the American occupation</subfield>
    <subfield code="9">108229</subfield>
  </datafield>
  <datafield tag="942" ind1=" " ind2=" ">
    <subfield code="2">ddc</subfield>
    <subfield code="c">BK</subfield>
  </datafield>
  <datafield tag="999" ind1=" " ind2=" ">
    <subfield code="c">186076</subfield>
    <subfield code="d">186076</subfield>
  </datafield>
  <datafield tag="952" ind1=" " ind2=" ">
    <subfield code="0">0</subfield>
    <subfield code="1">0</subfield>
    <subfield code="2">ddc</subfield>
    <subfield code="4">0</subfield>
    <subfield code="7">0</subfield>
    <subfield code="a">MCS</subfield>
    <subfield code="b">MCS</subfield>
    <subfield code="c">GEN</subfield>
    <subfield code="d">2016-12-12</subfield>
    <subfield code="j">4</subfield>
    <subfield code="o">940.546,DAV</subfield>
    <subfield code="p">MCS29481</subfield>
    <subfield code="r">2016-12-08</subfield>
    <subfield code="w">2016-12-12</subfield>
    <subfield code="y">BK</subfield>
    <subfield code="z">Almirah No.60 ,Shelf No.3</subfield>
  </datafield>
</record>
